Quiz Les doigts de la main - Statistiques

Statistiques générales
  • Ce quiz a été pris 67 fois
  • Le résultat moyen est 8 sur 10
Statistiques - réponses
Question Réponse % Correct
Quel est le doigt le plus long de l'être humain ? Le majeur
98%
Quels sont les deux doigts qu'on croise en général quand on veut porter chance à une personne ? L'index et le majeur
93%
Quelle expression signifie "regretter" ? S'en mordre les doigts
93%
Que signifie l'expression "avoir des doigts de fée" ? Être très habile pour un travail manuel
90%
Comment appelle-t-on les plis à la surface de la peau et particulièrement des doigts, qui forment des volutes et des tourbillons spécifiques à chaque doigt de chaque individu ? Les dermatoglyphes
84%
De combien de doigts se compose une main hexadactyle ? 6 doigts
80%
Que signifie mettre une personne à l'index ? Condamner une personne, l'exclure et la mettre à l'écart
77%
Combien de phalanges au total possède un humain ayant cinq doigts à chaque main ? 28
61%
Pourquoi le petit doigt de la main est-il appelé "auriculaire" ? C'est le seul doigt dont la taille permet l'introduction dans l'oreille
61%
Que mesure t-on avec l'unité phalangette en général ? De la crème ou de la pommade
46%
Aucun quiz correspondant
Distribution des résultats
% des personnes avec chaque résultat
Percentile par nombre de réponses
Votre historique - résultats
Vous n’avez pas pris ce quiz